| 000 | 01319cab a22002055a 4500 | ||
|---|---|---|---|
| 001 | ABS64611 | ||
| 008 | 011008e20011006xxk f 000 0 eng d | ||
| 035 | _a(Sirsi) u115024 | ||
| 041 | 0 | _aeng | |
| 100 | 1 | _aClose, O. | |
| 245 | 0 | 0 |
_a21st-century facilities _bwhat are they worth? |
| 260 | _c2001 | ||
| 490 | 0 |
_aEstates Gazette _v(0140) 6 October 2001, 154-157(4) |
|
| 520 | _aThe first of a two-part article on the valuation of self-storage and serviced office property. These property types are diverse in their physical characteristics, but the valuation approach for an operator's interest is similar. Looks at valuations based on trading potential. Presents, and discusses, a spreadsheet-based valuation model based on a typical example commonly used by US firm Cushman and Wakefield. In contrast to the situation in the UK, the self-storage industry in the US is mature, and properties are regularly traded. Thus, the valuation approach presented has been well-tested. Also provides details of sections of the "RICS appraisal and valuation manual", which deal with trading related valuations. Tables. | ||
| 590 | _aABS | ||
| 650 | 2 | 4 | _aRICS APPRAISAL AND VALUATION MANUAL |
| 651 | 4 | _aInternational | |
| 690 | _aPROPERTY-COMMERCIAL PROPERTY-COMMERCIAL PROPERTY VALUATION AND APPRAISAL | ||
| 942 | _n0 | ||
| 999 |
_c68503 _d68503 |
||